| 000 | 01068cam a2200193 4500 | ||
|---|---|---|---|
| 001 | WB3821-24 | ||
| 008 | 020613n2002 000 0 eng u | ||
| 035 | _a(Sirsi) u118412 | ||
| 245 | _aRICS certification in valuation | ||
| 260 | _c2002 | ||
| 490 |
_aRICS News Service _v11 June 2002, (1) |
||
| 520 | _aRICS has made progress in its bid to become an accredited certification body for valuation practice. Certification of valuers is an issue of growing importance and RICS's move follows calls for a pan-European system of quality assurance for valuers.The RICS scheme will be voluntary for members. UK Accreditation Service (UKAS) has approved RICS's application in principle provided that a pilot group of members is put through the certification process. http://www.rics.org/ricscms/bin/show?class=News&template=/includes/shownews.html&id=2748 | ||
| 590 | _aWB | ||
| 650 |
_aValuation _96273 |
||
| 650 | _aCERTIFICATION | ||
| 650 | _aEUROPE | ||
| 690 | _aPROPERTY-PROPERTY APPRAISAL AND VALUATION | ||
| 942 | _n0 | ||
| 999 |
_c70485 _d70485 |
||